| 000 | 00622nam a2200157 a 4500 | ||
|---|---|---|---|
| 001 | 000030935 | ||
| 005 | 20200930062611.0 | ||
| 008 | 110608m19491950xxu 000 0 spa d | ||
| 040 |
_aDO-SdBNP _bspa _cBNPHU |
||
| 082 |
_axxx _bL496 |
||
| 245 | 0 | 0 |
_aThe legacy of Christopher Columbus : _bthe historic litigations involving his discoveries, his will, his family, and his descendants / _ccompiled from archives in Spain, France and the Americas by Otto Schoenrich. |
| 260 |
_aCalifornia : _bThe Arthur H. Clark Company, _c1949 -1950. |
||
| 300 |
_a2v. ; : _b24 cm. |
||
| 700 | 1 |
_aSchoenrich, Otto, _ecomp. _91706 |
|
| 049 | _aBNPD | ||
| 999 |
_c30427 _d30427 |
||